<?xml version="1.0" encoding="UTF-8"?>
<record
    xmlns:xsi="http://www.w3.org/2001/XMLSchema-instance"
    xsi:schemaLocation="http://www.loc.gov/MARC21/slim http://www.loc.gov/standards/marcxml/schema/MARC21slim.xsd"
    xmlns="http://www.loc.gov/MARC21/slim">

  <leader>02383ngm a22004817a 4500</leader>
  <controlfield tag="006">a|||||s|||||00| 0 </controlfield>
  <controlfield tag="007">tz</controlfield>
  <controlfield tag="008">110620s2002    cau|||||s|||| 000 0 eng d</controlfield>
  <datafield tag="020" ind1=" " ind2=" ">
    <subfield code="a">0792852575 </subfield>
  </datafield>
  <datafield tag="020" ind1=" " ind2=" ">
    <subfield code="a">9780792852575  </subfield>
  </datafield>
  <datafield tag="082" ind1="0" ind2="4">
    <subfield code="a">791.4372</subfield>
    <subfield code="b">VIK</subfield>
    <subfield code="2">22</subfield>
  </datafield>
  <datafield tag="245" ind1="0" ind2="4">
    <subfield code="a">The Vikings</subfield>
    <subfield code="b">[videorecording] /</subfield>
    <subfield code="c">Directed by Richard Fleischer ; produced by Jerry Bresler ; screenplay by Calder Willingham ; adaptation by Dale Wasserman ; </subfield>
  </datafield>
  <datafield tag="260" ind1=" " ind2=" ">
    <subfield code="a">Santa Monica, CA : </subfield>
    <subfield code="b"> MGM Home Entertainment,  2002.</subfield>
    <subfield code="c">2002</subfield>
  </datafield>
  <datafield tag="300" ind1=" " ind2=" ">
    <subfield code="a">1 videodisc (116 min.) : </subfield>
    <subfield code="b">sd., col. ; </subfield>
    <subfield code="c">4 3/4 in.</subfield>
  </datafield>
  <datafield tag="500" ind1=" " ind2=" ">
    <subfield code="a">Originally produced as an American motion picture in 1958.</subfield>
  </datafield>
  <datafield tag="500" ind1=" " ind2=" ">
    <subfield code="a">Based on the novel "The Viking" by Edison Marshall.</subfield>
  </datafield>
  <datafield tag="500" ind1=" " ind2=" ">
    <subfield code="a">Special features: featurette with director Richard Fleischer; original theatrical trailer.   </subfield>
  </datafield>
  <datafield tag="508" ind1=" " ind2=" ">
    <subfield code="a">Photography, Jack Cardiff ; music composed and arranged by Mario Nascimbene; edited by  Elmo Williams</subfield>
  </datafield>
  <datafield tag="511" ind1=" " ind2=" ">
    <subfield code="a">Kirk Douglas, Tony Curtis, Ernest Borgnine, Janet Leigh.</subfield>
  </datafield>
  <datafield tag="520" ind1=" " ind2=" ">
    <subfield code="a">The saga of the loves and lusts of the fierce Norse raiders who pillaged Britain over a thousand years ago.</subfield>
  </datafield>
  <datafield tag="521" ind1=" " ind2=" ">
    <subfield code="a">MPAA Rating: Not rated; Canadian Home Video Rating: PG.</subfield>
  </datafield>
  <datafield tag="538" ind1=" " ind2=" ">
    <subfield code="a">DVD; Region 1, NTSC; Dolby digital mono.; widescreen format, preserving the 2.35:1 aspect ratio of the original theatrical exhibition, enhanced for 16:9 televisions.</subfield>
  </datafield>
  <datafield tag="546" ind1=" " ind2=" ">
    <subfield code="a">In English, dubbed French, or dubbed Spanish with optional subtitles in English, French, or Spanish; closed-captioned.</subfield>
  </datafield>
  <datafield tag="650" ind1=" " ind2=" ">
    <subfield code="9">25561</subfield>
    <subfield code="a">Vikings</subfield>
    <subfield code="v">Drama</subfield>
  </datafield>
  <datafield tag="653" ind1=" " ind2=" ">
    <subfield code="c">June2011</subfield>
    <subfield code="c">June2011</subfield>
  </datafield>
  <datafield tag="655" ind1=" " ind2=" ">
    <subfield code="a">Feature films</subfield>
  </datafield>
  <datafield tag="700" ind1=" " ind2=" ">
    <subfield code="9">24995</subfield>
    <subfield code="a">Douglas, Kirk</subfield>
    <subfield code="d">1916-</subfield>
    <subfield code="e">act</subfield>
  </datafield>
  <datafield tag="700" ind1=" " ind2=" ">
    <subfield code="9">25021</subfield>
    <subfield code="a">Curtis, Tony</subfield>
    <subfield code="d">1925-</subfield>
    <subfield code="e">act</subfield>
  </datafield>
  <datafield tag="700" ind1=" " ind2=" ">
    <subfield code="9">25562</subfield>
    <subfield code="a">Borgnine, Ernest</subfield>
    <subfield code="d">1917-</subfield>
    <subfield code="e">act</subfield>
  </datafield>
  <datafield tag="700" ind1=" " ind2=" ">
    <subfield code="9">25563</subfield>
    <subfield code="a">Leigh, Janet</subfield>
    <subfield code="e">act</subfield>
  </datafield>
  <datafield tag="700" ind1=" " ind2=" ">
    <subfield code="9">25008</subfield>
    <subfield code="a">Fleischer, Richard   </subfield>
    <subfield code="e">drt</subfield>
  </datafield>
  <datafield tag="700" ind1=" " ind2=" ">
    <subfield code="9">25564</subfield>
    <subfield code="a">Bresler, Jerry</subfield>
    <subfield code="e">pro</subfield>
  </datafield>
  <datafield tag="700" ind1=" " ind2=" ">
    <subfield code="9">25565</subfield>
    <subfield code="a">Willingham, Calder</subfield>
    <subfield code="d">1922-1995</subfield>
    <subfield code="e">aus</subfield>
  </datafield>
  <datafield tag="700" ind1=" " ind2=" ">
    <subfield code="9">25566</subfield>
    <subfield code="a">Wasserman, Dale</subfield>
    <subfield code="d">1922-1995</subfield>
    <subfield code="e">adp</subfield>
  </datafield>
  <datafield tag="700" ind1=" " ind2=" ">
    <subfield code="9">25567</subfield>
    <subfield code="a">Marshall, Edison</subfield>
    <subfield code="d">1894-1967</subfield>
    <subfield code="e">aut</subfield>
  </datafield>
  <datafield tag="700" ind1=" " ind2=" ">
    <subfield code="9">25568</subfield>
    <subfield code="a">Knox, Alexander</subfield>
    <subfield code="e">act</subfield>
  </datafield>
  <datafield tag="700" ind1=" " ind2=" ">
    <subfield code="9">25569</subfield>
    <subfield code="a">Donald, James</subfield>
    <subfield code="e">act</subfield>
  </datafield>
  <datafield tag="700" ind1=" " ind2=" ">
    <subfield code="9">25570</subfield>
    <subfield code="a">Nascimbene, Mario</subfield>
    <subfield code="e">cmp</subfield>
  </datafield>
  <datafield tag="700" ind1=" " ind2=" ">
    <subfield code="9">25571</subfield>
    <subfield code="a">Cardiff , Jack</subfield>
    <subfield code="e">cng</subfield>
  </datafield>
  <datafield tag="700" ind1=" " ind2=" ">
    <subfield code="9">25032</subfield>
    <subfield code="a">Williams, Elmo</subfield>
    <subfield code="d">1913- </subfield>
    <subfield code="e">flm</subfield>
  </datafield>
  <datafield tag="710" ind1=" " ind2=" ">
    <subfield code="9">25251</subfield>
    <subfield code="a">MGM Home Entertainment Inc.</subfield>
  </datafield>
  <datafield tag="942" ind1=" " ind2=" ">
    <subfield code="2">ddc</subfield>
    <subfield code="c">CDVDMOV</subfield>
  </datafield>
  <datafield tag="999" ind1=" " ind2=" ">
    <subfield code="c">15640</subfield>
    <subfield code="d">15640</subfield>
  </datafield>
  <datafield tag="952" ind1=" " ind2=" ">
    <subfield code="0">0</subfield>
    <subfield code="1">0</subfield>
    <subfield code="2">ddc</subfield>
    <subfield code="4">0</subfield>
    <subfield code="7">0</subfield>
    <subfield code="8">Baccah</subfield>
    <subfield code="a">MAIN</subfield>
    <subfield code="b">MAIN</subfield>
    <subfield code="c">2ND</subfield>
    <subfield code="d">2011-06-20</subfield>
    <subfield code="e">Purchase</subfield>
    <subfield code="g">166.00</subfield>
    <subfield code="h">12512</subfield>
    <subfield code="l">0</subfield>
    <subfield code="o">791.4372 VIK</subfield>
    <subfield code="p">000024267</subfield>
    <subfield code="r">2022-08-24 00:00:00</subfield>
    <subfield code="w">2011-06-20</subfield>
    <subfield code="y">CDVDMOV</subfield>
  </datafield>
</record>
